| 000 | 00447nam a2200181Ia 4500 | ||
|---|---|---|---|
| 001 | 9988 | ||
| 005 | 20260306161758.0 | ||
| 008 | 260306t2016||||xx |||||||||||||| ||spa|| | ||
| 041 | _aESP | ||
| 082 |
_aPE 869.56 _bP23 |
||
| 100 |
_aPantigoso Quintanilla, Manuel _eAUT |
||
| 245 | 0 |
_aArado existencial: _bpoesía de protesta |
|
| 260 | _c2016 | ||
| 300 |
_a104 páginas : _c21 cm. |
||
| 650 | _aGEN | ||
| 654 | _aCHU | ||
| 942 |
_cLIB _dJUS _fJUS _2ddc _n |
||
| 999 |
_c9988 _d9988 |
||